000 00636nam a2200205Ia 4500
003 GCL
008 140319s9999 xx 000 0 ara d
040 _aGCL /
_cGCL
082 0 4 _a416
_bن و
100 1 _aنايف احمد سليمان
245 1 0 _aالواضح فى العروض وموسيقى الشعر /
_cنايف احمد سليمان
700 1 _aعادل جابر صالح محمد
260 _a[S.N] :
_bدار الفلسفة ،
_c1991
300 _a98 ص
490 _a
650 0 4 _aالشعر العربى
650 0 4 _aاللغة العربية
650 0 4 _aالعروض والقوافى
942 _2ddc
_cBK
999 _c56205
_d56205